SOMA 2015 : time, space and people : proceedings of the 19th Symposium on Mediterranean Archaeology /
The proceedings of 'SOMA 2015' contain 18 interdisciplinary articles on themes from underwater archaeology to history, archaeometry and art history, and chronologically, the subjects of these articles range from the Bronze Age to the 20th century.
مؤلف مشترك:
مؤلفون آخرون:
التنسيق: وقائع المؤتمر كتاب الكتروني
اللغة: English
منشور في:
Summertown, Oxford :
Archaeopress Publishing Ltd,
2018.
الموضوعات:
الوصول للمادة أونلاين: Login to view Source
الوسوم: إضافة وسم
رقم الطلب: DE59
| LEADER | 01932nam a2200397 i 4500 | ||
|---|---|---|---|
| 001 | EDZ0001947704 | ||
| 003 | StDuBDS | ||
| 005 | 20230412182206.0 | ||
| 006 | m|||||o||d|||||||| | ||
| 007 | cr ||||||||||| | ||
| 008 | 180319s2018 enka fo 100|0|eng|d | ||
| 020 | |a 9781784918521 (ebook) : |c No price | ||
| 040 | |a StDuBDS |b eng |c StDuBDS |e rda |e pn | ||
| 050 | 4 | |a DE59 | |
| 082 | 0 | 4 | |a 937 |2 23 |
| 111 | 2 | |a Symposium on Mediterranean Archaeology |n (19th : |d 2015 : |c Kemer/Antalya, Turkey), |j creator. | |
| 245 | 1 | 0 | |a SOMA 2015 : |b time, space and people : proceedings of the 19th Symposium on Mediterranean Archaeology / |c edited by Murat Arslan. |
| 264 | 1 | |a Summertown, Oxford : |b Archaeopress Publishing Ltd, |c 2018. | |
| 300 | |a 1 online resource (iv, 190 pages) : |b illustrations (black and white, and colour) | ||
| 336 | |a text |2 rdacontent | ||
| 336 | |a still image |2 rdacontent | ||
| 337 | |a computer |2 rdamedia | ||
| 338 | |a online resource |2 rdacarrier | ||
| 500 | |a Previously issued in print: 2018. | ||
| 520 | 8 | |a The proceedings of 'SOMA 2015' contain 18 interdisciplinary articles on themes from underwater archaeology to history, archaeometry and art history, and chronologically, the subjects of these articles range from the Bronze Age to the 20th century. | |
| 521 | |a Specialized. | ||
| 588 | |a Description based on online resource; title from home page (viewed on October 4, 2018). | ||
| 651 | 0 | |a Mediterranean Region |x Antiquities |v Congresses. | |
| 650 | 0 | |a Excavations (Archaeology) |z Mediterranean Region |v Congresses. | |
| 651 | 0 | |a Mediterranean Region |x Civilization |v Congresses. | |
| 700 | 1 | |a Arslan, Murat, |e editor. | |
| 776 | 0 | 8 | |i Print version : |z 9781784918514 |
| 856 | 4 | 0 | |3 Archaeopress |u http://library.arce.org:8087/Archaeopress/Products/9781784918514 |
| 942 | |2 lcc |c EBOOK | ||
| 952 | |0 0 |1 0 |4 0 |6 DE0059 |7 1 |9 46390 |a ARCH |b ARCH |d 2023-04-12 |l 0 |o DE59 |r 2023-04-12 00:00:00 |w 2023-04-12 |y EBOOK | ||
| 999 | |c 52048 |d 52048 | ||
